000 00741cam a22002053a 4500
001 40695
003 PGUSA
005 20140828083917.0
008 120906s2012||||xxu|||||s|||||000 | eng d
040 _aPGUSA
_beng
042 _adc
100 1 _aFénélon, Bertrand de Salignac de la Mothe
245 1 0 _aCorrespondance Diplomatique de Bertrand de Salignac de La Mothe Fénélon, Tome Quatrième :
_bAmbassadeur de France en Angleterre de 1568 à 1575
_h[electronic resource] /
_cBertrand de Salignac de la Mothe Fénélon
260 _bProject Gutenberg,
_c2012
506 _aPublic domain in the USA.
516 _aElectronic text
830 0 _aProject Gutenberg
_v40695
856 4 0 _uhttp://www.gutenberg.org/ebooks/40695
942 _cEB
999 _c269947
_d269947